000 00452nam a22001577a 4500
003 SGT
020 _a0824782437
082 _a615.19
_bQ90H
100 _aHARBURN, KENNETH
245 _aQUALITY CONTROL OF PACKAGING MATERIALS IN THE PHARMACEUTICAL INDUSTRY
260 _aNEW YORK
_bINFORMA HEALTHCARE
300 _a183
650 _aQUALITY CONTROL
653 _aQUALITY , CONTROL , PACKAGING, MATERIALS ,PHARMACEUTICAL, INDUSTRY
942 _2ddc
_cBK
999 _c29201
_d29201